00651nam a2200193Ia 4500008004100000020001400041082001400055100002200069245006300091250000800154260004500162300003000207500001900237600003300256650001600289942000700305952012800312999001700440240925s9999 xx 000 0 und d a136250475 a519.4 MAT aMathews, John H. 0aNumerical Methods for Mathematics Science and Engineering  a2nd aNew Jersey:bPrintice- Hall Int.c,1992. axvii,1271p.bNAfOriginal aIncludes Index aHumanities & Natural Science aMathematics cBK 001040708HUMaUITUbUITUd2003-01-21eFair Book Centerg550.00l0o519.4 MATpQ8144r2024-09-25 07:14:51w2024-09-25yBK c10643d10643